000 00719nam a2200229Ia 4500
003 OSt
005 20230403163121.0
008 210423s1968 xx 000 0 und d
020 _a978-0-8218-1038-5
040 _cAL
041 _aeng
082 _a510
_223
_bAMEA
100 _aORE (Oystein)
_982857
245 _aAmerican mathematical society colloquium publications: theory of graphs V 38
260 _aIsland
_bAmerican mathematical society
_c1968
300 _ax,270
_bPB
365 _b2052
_cUSD
440 _aAmerican mathematical society
_v38
_982858
650 _aMathematics
_982859
906 _a38 ; American ; colloquium ; graphs ; mathematical ; publications: ; society ; theory
942 _2ddc
_cBK
999 _c169127
_d169127